La investigación educativa: claves teóricas

Uloženo v:
Podrobná bibliografie
Hlavní autor: Albert Gómez, María José (autora)
Médium: Kniha
Jazyk:španělština
Vydáno: Madrid, España: McGraw-Hill, 2007.
Témata:
Tagy: Přidat tag
Žádné tagy, Buďte první, kdo vytvoří štítek k tomuto záznamu!

MARC

LEADER 00000nam a2200000 a 4500
001 UCI0825
003 CL-VaPUC
005 20240319114644.0
008 070601e20070000SP |||||||||||||||||spa|d
999 |c 325805  |d 325803 
020 |a 9788448159429 
040 |c Pontificia Universidad Católica de Valparaíso 
082 0 4 |a 370.7 ALB 2007  |2 21 
100 |a Albert Gómez, María José  |e autora  |9 520952 
245 1 3 |a La investigación educativa: claves teóricas 
260 |a Madrid, España:  |b McGraw-Hill,  |c 2007. 
300 |a xiv, 265 páginas.  
583 |a last modification  |c 20140404 10:40:14  |k Rodrigo Vera 
650 0 |a Investigación educacional   |9 261192 
650 0 |a Formación de docentes  |9 329378 
650 0 |a Sociedad de la información   |9 417579 
650 0 |a Investigación científica  |9 259857 
942 |c BK  |2 ddc 
945 |d 20070601 00:00:00  |a jtorresc 
952 |0 0  |1 0  |4 0  |6 370_700000000000000_ALB_2007  |7 0  |8 A  |9 407148  |a BIBING  |b BIBING  |d 2019-11-22  |i 4344057  |o 370.7 ALB 2007  |p 4344057  |r 2025-01-20  |w 2019-11-22  |y BK  |k CCL 
952 |0 0  |1 0  |4 0  |6 370_700000000000000_ALB_2007  |7 0  |8 A  |9 407149  |a BIBEDU  |b BIBEDU  |c ES_NOD  |d 2019-11-22  |i 4357426  |l 1  |m 1  |o 370.7 ALB 2007  |p 4357426  |r 2023-08-09  |s 2022-10-28  |w 2019-11-22  |y BK  |k PSI 
952 |0 0  |1 0  |4 0  |6 370_700000000000000_ALB_2007  |7 0  |8 A  |9 407150  |a BIBEDU  |b BIBEDU  |c ES_NOD  |d 2019-11-22  |i 4459342  |o 370.7 ALB 2007  |p 4459342  |r 2023-08-09  |w 2019-11-22  |y BK  |k EBA 
952 |0 0  |1 0  |4 0  |6 370_700000000000000_ALB_2007  |7 0  |8 A  |9 407151  |a BIBEDU  |b BIBEDU  |c ES_NOD  |d 2019-11-22  |i 4459350  |o 370.7 ALB 2007  |p 4459350  |r 2023-08-09  |w 2019-11-22  |y BK  |k EBA 
952 |0 0  |1 0  |4 0  |6 370_700000000000000_ALB_2007  |7 0  |8 A  |9 407152  |a BIBEDU  |b BIBEDU  |c ES_NOD  |d 2019-11-22  |i 4604180  |o 370.7 ALB 2007  |p 4604180  |r 2023-08-09  |w 2019-11-22  |y BK  |k EPE 
952 |0 0  |1 0  |2 ddc  |4 0  |6 370_700000000000000_ALB_2007  |7 0  |8 A  |9 593723  |a BIBHIS  |b BIBHIS  |d 2024-03-19  |e 52  |g 48715.00  |i 5660413  |l 2  |m 1  |o 370.7 ALB 2007  |p 5660413  |r 2025-01-20  |s 2024-04-10  |t 6  |v 48715.00  |w 2024-03-19  |y BK  |k HIS